000 00333nam a2200133 i 4500
001 bg
100 1 _aOSTROWSKI, Ryszard
245 0 _aLaboratorium technicznych środków nauczania /
_cRyszard Ostrowski.
260 _aKraków,
_c1977.
040 _cBPK
041 _apol
942 _cKS
008 s pl f |000 0 pol
999 _c17779
_d17779
856 _uhttp://koha.tu.koszalin.pl/cgi-bin/koha/opac-detail.pl?biblionumber=17779
_yKatalog online BPK